000
00275nam a2200109Ia 4500
008
221009s9999 xx 000 0 und d
082
_a
403
100
_a
Wren & Martin
_9
36386
245
0
_a
High School English Grammar & Composition
260
_b
S. Chand Company
942
_c
BK
999
_c
65161
_d
65161